Top 50 Pop Singers of 2020 (Ranker.com) - Statistics

General Stats
  • This quiz has been taken 598 times
  • The average score is 16 of 50
Answer Stats
Hint Answer % Correct
6 Taylor Swift
86%
1 Ariana Grande
80%
35 Justin Bieber
74%
10 Beyonce
67%
13 Rihanna
62%
4 Dua Lipa
58%
17 Lady Gaga
58%
3 Harry Styles
56%
25 Katy Perry
56%
12 The Weeknd
54%
7 Selena Gomez
53%
2 Billie Eilish
52%
27 Nicki Minaj
51%
5 Shawn Mendes
50%
9 Bruno Mars
44%
8 Camila Cabello
44%
19 Cardi B
44%
22 Zayn Malik
36%
45 Britney Spears
35%
14 Demi Lovato
35%
37 P!nk
34%
38 Justin Timberlake
32%
28 Shakira
32%
20 Maroon 5
30%
31 Niall Horan
27%
29 Sia
27%
15 Post Malone
26%
43 Sam Smith
26%
48 Jennifer Lopez
25%
24 Charlie Puth
23%
34 Liam Payne
23%
42 Lizzo
21%
41 Louis Tomlinson
21%
16 Halsey
20%
33 Jason Derulo
16%
21 Lewis Capaldi
16%
26 Bebe Rexha
15%
18 Ava Max
14%
23 Jonas Brothers
14%
30 Khalid
13%
39 Sabrina Carpenter
13%
44 Alicia Keys
12%
11 Imagine Dragons
12%
36 5 Seconds of Summer
9%
32 Anne Marie
9%
49 OneRepublic
8%
40 Conan Gray
7%
47 Melanie Martinez
6%
46 Tones and I
6%
50 Alec Benjamin
3%
No matching quizzes found
Score Distribution
Percent of People with Each Score
Percentile by Number Answered
Your Score History
You have not taken this quiz